| 000 | 00500nam a2200217Ia 4500 | ||
|---|---|---|---|
| 003 | OSt | ||
| 005 | 20231003193738.0 | ||
| 008 | 210310s9999 xx 000 0 und d | ||
| 020 | _a#N/A | ||
| 040 |
_aCO-JMCR _cCO-JMCR |
||
| 082 |
_a338.73 / _bB275s |
||
| 100 |
_aRafael Bernal Gutierrez _918808 |
||
| 245 | 0 | _aLa sociedad economica en colombia | |
| 260 | _c1980 | ||
| 300 | _b#N/A | ||
| 440 |
_a#N/A _918809 |
||
| 500 | _a#N/A | ||
| 505 | _a#N/A | ||
| 650 |
_a#N/A _918810 |
||
| 942 |
_2ddc _cBK |
||
| 999 |
_c8973 _d8973 |
||